000 01079nas a2200325 4500
001 BR2014006330
003 BR-BrBNA
005 20231205124606.0
007 ta
008 230509b bl.|||p| |||| 00| 00por d
040 _aBR-BrBNA
_bpor
_cBiblioteca Nacional de Agricultura
041 _a(Pt)
072 _aL51; L01
100 1 _aRibeiro, E.L. de A.
100 1 _aMizubuti, I.Y.
100 1 _aSilva, L. das D.F. da
100 1 _aPaiva, F.H.P. de
100 1 _aSousa, C.L. de
100 1 _aCastro, F.A.B. de
245 1 _aDesempenho, comportamento ingestivo e características de carcaça de cordeiros confinados submetidos a diferentes frequências de alimentação
650 _aCORDEIRO
650 _aARRAÇOAMENTO
650 _aCONFINAMENTO
650 _aGANHO DE PESO
650 _aCONVERSÃO ALIMENTAR
773 0 _tRevista Brasileira de Zootecnia (Brazil)
_xISSN 1806-9290
_g(Apr 2011), v. 40(4) p. 892-898
_wBR2014006330
856 4 0 _uhttp://www.scielo.br/pdf/rbz/v40n4/25.pdf
909 _a202311
_bLúcia
_c55
_dLúcia Elande
942 _2AGRIS
_n0
_cANA
999 _c239881
_d239881